Situación de la economía española (Registro nro. 25329)
[ vista simple ]
| 000 -CABECERA | |
|---|---|
| Longitud fija campo de control | 01059nas a2200325 c 4500 |
| 001 - NÚMERO DE CONTROL | |
| Número de control | 25329 |
| 003 - IDENTIFICADOR DE NÚMERO DE CONTROL | |
| Identificador del número de control | ES-MaCES |
| 005 - FECHA Y HORA DE LA ÚLTIMA TRANSACCIÓN | |
| Fecha y hora de la última transacción | 20161026113020.0 |
| 008 - CAMPO FIJO DE DESCRIPCIÓN FIJA--INFORMACIÓN GENERAL | |
| Códigos de información de longitud fija | 940421d1900 sp b| | 0spa d |
| 035 ## - NÚMERO DE CONTROL DEL SISTEMA | |
| Número de control del sistema | CES19980003104p |
| Número de control cancelado;no válido | 10318 |
| 040 ## - FUENTE DE CATALOGACIÓN | |
| Centro catalogador de origen | ES-MaCES |
| Lengua de catalogación | spa |
| Centro transcriptor | ES-MaCES |
| 245 00 - MENCIÓN DE TÍTULO | |
| Título | Situación de la economía española |
| Mención de responsabilidad, etc. | Banco Bilbao Vizcaya, Servicio de Estudios |
| 260 ## - PUBLICACIÓN, DISTRIBUCIÓN, ETC (PIE DE IMPRENTA) | |
| Lugar de publicación, distribución, etc. | [Madrid (Pº Castellana, 81, 28046)] |
| Nombre del editor, distribuidor, etc. | [Banco Bilbao Vizcaya, Servicio de Estudios] |
| 300 ## - DESCRIPCIÓN FÍSICA | |
| Extensión | v. |
| Dimensiones | 30 cm |
| 310 ## - PERIODICIDAD ACTUAL DE LA PUBLICACIÓN | |
| Periodicidad actual | Bimestral |
| 500 ## - NOTA GENERAL | |
| Nota general | Descripción basada en: en. 1994 |
| 500 ## - NOTA GENERAL | |
| Nota general | Tít. tomado de la cub |
| 541 ## - NOTA DE LA FUENTE INMEDIANTE DE ADQUISICIÓN | |
| Forma de adquisición | Gratuito |
| 650 #4 - ASIENTO SECUNDARIO DE MATERIA--TÉRMINO DE MATERIA | |
| Término de materia o nombre geográfico como elemento inicial | indicador económico |
| 9 (RLIN) | 27073 |
| 650 #4 - ASIENTO SECUNDARIO DE MATERIA--TÉRMINO DE MATERIA | |
| Término de materia o nombre geográfico como elemento inicial | economía |
| 9 (RLIN) | 26781 |
| 653 10 - TÉRMINO DE INDEXACIÓN--NO CONTROLADO | |
| Término no controlado | Economía |
| 710 2# - ENCABEZAMIENTO SECUNDARIO--NOMBRE CORPORATIVO | |
| Nombre de entidad o nombre de jurisdicción como elemento inicial | Banco Bilbao-Vizcaya |
| 9 (RLIN) | 1581 |
| 780 00 - ENTRADA ANTERIOR | |
| Título | Situación |
| Número de control del registro relacionado | (ES-MaCES)25023 |
| 785 00 - ENTRADA POSTERIOR | |
| Título | Situación económica española |
| Número de control del registro relacionado | (ES-MaCES)25490 |
| 866 #0 - FUENTES TEXTUALES--UNIDAD BIBLIOGRÁFICA BÁSICA | |
| Holdings textuales | 1994. |
| Nota pública | Ubicación: EXT-390 |
| 905 ## - CES. DATOS REVISTA | |
| Boletín de sumarios (Sirtex 591$a) | Boletín A |
| Proceso | + |
| 942 ## - ELEMENTOS KOHA | |
| Fuente de clasificaión o esquema | Clasificación propia del CES |
| Koha [por defecto] tipo de item | Periódicas |
| Parte de clasificación | Economía |
| Serie de enumeración ; cronología | Número de registro | Préstamos totales | Tipo de item de Koha |
|---|---|---|---|
| Ene. 1994 | 004149 | Periódicas | |
| Mar. 1994 | 004150 | Periódicas | |
| May. 1994 | 005162 | Periódicas | |
| Jul. 1994 | 005976 | Periódicas | |
| Oct. 1994 | 007201 | Periódicas | |
| Nov. 1994 | 008062 | Periódicas |
